<?xml version="1.0" encoding="UTF-8"?><?xml-stylesheet type="text/xsl" href="static/style.xsl"?><OAI-PMH xmlns="http://www.openarchives.org/OAI/2.0/" xmlns:xsi="http://www.w3.org/2001/XMLSchema-instance" xsi:schemaLocation="http://www.openarchives.org/OAI/2.0/ http://www.openarchives.org/OAI/2.0/OAI-PMH.xsd"><responseDate>2026-06-02T06:08:45Z</responseDate><request verb="GetRecord" identifier="oai:riuma.uma.es:10630/40907" metadataPrefix="marc">https://riuma.uma.es/rest/oai/request</request><GetRecord><record><header><identifier>oai:riuma.uma.es:10630/40907</identifier><datestamp>2026-02-03T12:22:27Z</datestamp><setSpec>com_10630_2254</setSpec><setSpec>col_10630_37959</setSpec></header><metadata><record xmlns="http://www.loc.gov/MARC21/slim" xmlns:dcterms="http://purl.org/dc/terms/" xmlns:doc="http://www.lyncode.com/xoai" xmlns:xsi="http://www.w3.org/2001/XMLSchema-instance" xsi:schemaLocation="http://www.loc.gov/MARC21/slim http://www.loc.gov/standards/marcxml/schema/MARC21slim.xsd">
   <leader>00925njm 22002777a 4500</leader>
   <datafield ind2=" " ind1=" " tag="042">
      <subfield code="a">dc</subfield>
   </datafield>
   <datafield ind2=" " ind1=" " tag="720">
      <subfield code="a">Calleja-Reina, Marina</subfield>
      <subfield code="e">author</subfield>
   </datafield>
   <datafield ind2=" " ind1=" " tag="720">
      <subfield code="a">López, Guillermo</subfield>
      <subfield code="e">author</subfield>
   </datafield>
   <datafield ind2=" " ind1=" " tag="260">
      <subfield code="c">2025</subfield>
   </datafield>
   <datafield ind2=" " ind1=" " tag="520">
      <subfield code="a">La formación musical reglada en España se estructura en tres ciclos: el grado elemental (4 años), el grado profesional (6 años) y el grado superior (4 años). El acceso al grado profesional, habitualmente a los 12 años de edad, se realiza mediante una prueba de ingreso. Su objetivo principal es desarrollar una especialidad instrumental o vocal, ofreciendo una formación artística de calidad orientada tanto a la preparación para estudios superiores de música como a servir de base para otros itinerarios formativos y profesionales.&#xd;
A pesar de que una parte del alumnado compagina estas enseñanzas con la educación secundaria obligatoria y el Bachillerato, representa menos del 2 % del total de estudiantes. No obstante, muchos de estos jóvenes optan posteriormente por carreras no relacionadas directamente con la música.&#xd;
El objetivo del presente estudio es analizar la relación entre la formación musical reglada, la reserva cognitiva y el rendimiento atencional en estudiantes universitarios. Para ello, se evaluó a un grupo de 37 estudiantes del grado en Logopedia, compuesto por un 19 % de varones (edad media = 22 años, DT = 0.81) y un 81 % de mujeres (edad media = 21.6 años, DT = 0.85). Se aplicaron diversos instrumentos de evaluación: un cuestionario de reserva cognitiva, el Trail Making Test (TMT), la prueba de Letras y Dígitos (WMS-III) y el test de atención D2.</subfield>
   </datafield>
   <datafield ind2=" " ind1=" " tag="520">
      <subfield code="a">Las variables analizadas incluyeron velocidad de procesamiento (TR), precisión en la respuesta (TA), concentración (CON), variabilidad del rendimiento, memoria de trabajo y flexibilidad cognitiva. Los resultados mostraron una correlación positiva entre mayores niveles de reserva cognitiva y un mejor rendimiento en tareas de atención sostenida. Asimismo, el análisis comparativo entre estudiantes con y sin formación musical reglada reveló diferencias significativas a favor del primer grupo: mayores niveles de reserva cognitiva, mayor precisión atencional y un perfil de concentración más eficiente. Estos hallazgos apuntan a un posible efecto beneficioso de la educación musical formal en el desarrollo de habilidades cognitivas específicas, especialmente aquellas relacionadas con la atención selectiva y sostenida. En conclusión, los resultados subrayan la relevancia de la formación musical y la reserva cognitiva como factores que modulan el rendimiento atencional, ofreciendo evidencia útil para el diseño de intervenciones psicoeducativas dirigidas a fortalecer y preservar las funciones cognitivas en entornos formativos</subfield>
   </datafield>
   <datafield ind1="8" ind2=" " tag="024">
      <subfield code="a">https://hdl.handle.net/10630/40907</subfield>
   </datafield>
   <datafield tag="653" ind2=" " ind1=" ">
      <subfield code="a">Música - Estudio y enseñanza superior</subfield>
   </datafield>
   <datafield tag="653" ind2=" " ind1=" ">
      <subfield code="a">Estudiantes universitarios - Rendimiento</subfield>
   </datafield>
   <datafield ind2="0" ind1="0" tag="245">
      <subfield code="a">Reserva cognitiva, atención y educación musical: diferencias en estudiantes universitarios</subfield>
   </datafield>
</record>
</metadata></record></GetRecord></OAI-PMH>